Globalization and solidarity /
Na minha lista:
| Autor principal: | |
|---|---|
| Formato: | Texto |
| Assuntos: | |
| Tags: |
Adicionar Tag
Sem tags, seja o primeiro a adicionar uma tag!
|
MARC
| LEADER | 00000 a a2200000 04500 | ||
|---|---|---|---|
| 001 | 4481 | ||
| 003 | |||
| 040 | |||
| 100 | |a Hewitt de Alcántara, Cynthia | ||
| 245 | |a Globalization and solidarity / |c Cynthia Hewitt de Alcántara | ||
| 650 | |a GLOBALIZACION | ||
| 650 | |a CONSECUENCIAS SOCIALES | ||
| 650 | |a ESTIMACION DE LAS NECESIDADES | ||
| 650 | |a NEOLIBERALISMO | ||
| 650 | |a IDEOLOGIAS | ||
| 650 | |a LIBERALIZACION DEL INTERCAMBIO | ||
| 650 | |a DESIGUALDAD ECONOMICA | ||
| 650 | |a POLITICA SOCIAL | ||
| 650 | |a DESIGUALDAD SOCIAL | ||
| 650 | |a BIENESTAR SOCIAL | ||
| 650 | |a RECOMENDACIONES | ||
| 650 | |a AMERICA LATINA | ||
| 773 | |g número 16; páginas 19-29 | ||
| 999 | |c 39800 |d 39800 | ||
